|
|
|
|
| LEADER |
01000cam a2200265 a 4500 |
| 008 |
870529s1987 ii b 001 0 eng |
| 010 |
|
|
|a 87901363
|
| 020 |
|
|
|a 8120706579:
|c Rs100.00
|
| 025 |
|
|
|a I E 54220
|
| 043 |
|
|
|a a-ii---
|
| 082 |
0 |
0 |
|a 823.92 NAI/S
|2 19
|
| 100 |
1 |
|
|a Naik, M. K.
|
| 245 |
1 |
0 |
|a Studies in Indian English literature /
|c M.K. Naik.
|
| 260 |
|
|
|a New Delhi :
|b Sterling Publishers,
|c c1987.
|
| 300 |
|
|
|a 179 p. ;
|c 23 cm.
|
| 500 |
|
|
|a Continuation of: Dimensions of Indian English literature.
|
| 500 |
|
|
|a Spine title: Studies in English literature.
|
| 504 |
|
|
|a Includes bibliographies and index.
|
| 650 |
|
0 |
|a Indic literature (English)
|x History and criticism.
|
| 700 |
1 |
|
|a Naik, M. K.
|
| 740 |
0 |
|
|a Studies in English literature.
|
| 906 |
|
|
|a 7
|b cbc
|c orignew
|d 3
|e ncip
|f 19
|g y-gencatlg
|
| 942 |
|
|
|c BK
|
| 999 |
|
|
|c 193090
|d 193090
|
| 952 |
|
|
|0 0
|1 0
|4 0
|6 823_920000000000000_NAI_S
|7 0
|9 213125
|a ENG
|b ENG
|c ST1
|d 2013-07-11
|i 13598
|l 0
|o 823.92 NAI/S
|p ENG13598
|r 2013-07-11
|w 2013-07-11
|y BK
|